| 000 | 01108nji a22002897a 4500 | ||
|---|---|---|---|
| 005 | 20100903161258.0 | ||
| 006 | a|||||r|||||00| 0 | ||
| 007 | sd ammalaaahaa | ||
| 008 | 100830t xxu||||| |||| 00| 0 eng d | ||
| 028 |
_aN 54123 _bHis Master's Voice |
||
| 035 | _aGR-01491 | ||
| 040 |
_aSED _cSED |
||
| 100 |
_917455 _aKapoor, Mahendra |
||
| 245 |
_aChalo siphi chalo / _cby Mahendra Kapoor [and] Chorus ; Music by Iqbal Quereshi ; Lyris Shamshear _h[sound recording] : |
||
| 246 | _aचलो सिपाही चलो / महेंद्र कपूर द्वारा | ||
| 260 |
_aDum Dum, India _bHis Master's Voice |
||
| 300 |
_a1 sound disc [Gramophone Recording]: _banalog, 33 1/3 rpm _c9.5 in. (MP) _fGramophone Record |
||
| 500 | _aBrief Record | ||
| 505 | _a Side -1 चलो सिपाही चलो (Chalo siphi chalo ) ( Mehendra Kapoor ) | ||
| 650 |
_aClassical music _zIndia _91186 _xExcerpts |
||
| 700 |
_917416 _aQuereshi, Iqbal |
||
| 700 |
_917456 _aShamshear |
||
| 700 |
_aChorus _919067 |
||
| 700 | _919087 | ||
| 700 |
_aKalpnalok _919088 |
||
| 942 |
_2ddc _cGR |
||
| 999 |
_c44693 _d44693 |
||